01718nam a22002417a 4500008004100000082001800041100004900059245012800108260004900236300003000285505073700315600002001052653014901072700004101221700001801262700002201280700002001302700002501322700006901347700001501416700002101431700002401452160608b xxu||||| |||| 00| 0 eng d a701.18bC122a aLopez, Miguel A. ; Martinho, Teté (Editor) aAlliances of Vulnerable bodies bFeminis, queer activism, and visual culture cLopez, Miguel A. ; Martinho, Teté (Editor) aSao paulo bServico social do comercioc2015 a136 pagbill. colc24 cm  tEditorial.rSolange O. Farkas. Teté Martinho. tAlliances of vulnerable bodies.rMiguel Lopez tThe Porn-Art movement in Brazil/ "Fictional Genealogies" of southern pornographies.rFernanda NogueiratDedication: a promptuary. rCatherine Lord tImplicated: Feminist art histories and affective pasts. rJulia Bryan - WilsontHow many "Hijas de perras" does it take to blow up world? Transgenic writting as homage to hija de perra (1980-2014)rLucha Venegas, Cristian Cabello, and Jorge Díaz_ (CUDS, Chile)tBiji Diva! rMing Wong tMuseum, urban detritus, and pornography.rPaul B. PreciadotVoice to rhe movements of desire. rSerigrafistas QueertImage Credits tCredits tIt includes magazine "oiga 78, nª 44" and stencil aMiguel A. Lopez aCritica y apreciacón - Arte aArte - Feminismos aArte - ensayos visuales aArte - Activismo Homosexual aArte y Cultura Visual aArte - Porno aSolange O. Farkas. Teté Martinho.  aMiguel Lopez  aFernanda Nogueira aCatherine Lord  aJulia Bryan - Wilson aLucha Venegas, Cristian Cabello, and Jorge Díaz_ (CUDS, Chile) aMing Wong  aPaul B. Preciado aSerigrafistas Queer